[Event "CAN-ch U12"]
[Site "Windsor"]
[Date "2015.07.07"]
[Round "4.55"]
[White "Gaisinsky, Adam"]
[Black "Guo, Thomas"]
[Result "1/2-1/2"]
[WhiteElo "1772"]
[BlackElo "1722"]
[PlyCount "115"]
[EventDate "2015.07.06"]
[EventType "swiss"]
[EventRounds "7"]
[EventCountry "CAN"]
[SourceTitle "EXT 2022"]
[Source "ChessBase"]
[SourceDate "2021.10.06"]
[SourceVersion "1"]
[SourceVersionDate "2021.10.06"]
[SourceQuality "1"]

1. e4 e6 2. d3 d5 3. Nd2 c5 4. g3 b6 5. Bg2 Bb7 6. f4 Nc6 7. Ngf3 Qc7 8. 0-0 Rd8 9. Qe2 Be7 10. b3 Nf6 11. e5 Ng4 12. h3 Nh6 13. g4 a6 14. a4 d4 15. Ne4 Nb4 16. Ng3 Kd7 17. f5 Kc8 18. f6 Bf8 19. Bxh6 gxh6 20. Rfe1 Nd5 21. Nd2 Nxf6 22. Bxb7+ Kxb7 23. Qf3+ Nd5 24. Nh5 Ka7 25. Nf6 Ne3 26. Rac1 Bg7 27. Nc4 Bxf6 28. Qxf6 Nxc4 29. bxc4 h5 30. gxh5 Rhg8+ 31. Kh2 Rdf8 32. Rg1 Qd8 33. Qxd8 Rxd8 34. Rcf1 Rdf8 35. Rxg8 Rxg8 36. Rxf7+ Kb8 37. Rxh7 Rg5 38. Re7 Rxh5 39. Rxe6 Kc7 40. Kg3 Kd7 41. Rxb6 Rxe5 42. Kf2 Rh5 43. Rxa6 Rxh3 44. Ke2 Rh2+ 45. Kd1 Rh1+ 46. Kd2 Ra1 47. Ra5 Kc6 48. Ra8 Kb7 49. Ra5 Kc6 50. Rb5 Rxa4 51. Rb3 Ra8 52. c3 Ra2+ 53. Kc1 dxc3 54. Rxc3 Kd6 55. Rc2 Ra3 56. Kd2 Ke5 57. Ke3 Ra1 58. Rd2 1/2-1/2

[Event "North American-ch U20"]
[Site "Kitchener"]
[Date "2014.08.03"]
[Round "8.16"]
[White "Vettese, Nicholas"]
[Black "Guo, Thomas"]
[Result "1-0"]
[WhiteElo "1916"]
[BlackElo "1736"]
[PlyCount "87"]
[EventDate "2014.07.31"]
[EventType "swiss"]
[EventRounds "9"]
[EventCountry "CAN"]
[SourceTitle "EXT 2022"]
[Source "ChessBase"]
[SourceDate "2021.10.06"]
[SourceVersion "1"]
[SourceVersionDate "2021.10.06"]
[SourceQuality "1"]

1. e4 e5 2. Nf3 Nc6 3. Bc4 Nf6 4. d3 Bc5 5. c3 0-0 6. 0-0 d6 7. h3 a6 8. Bb3 Bd7 9. Re1 b5 10. a3 Ba7 11. Bc2 Re8 12. d4 exd4 13. cxd4 Bc8 14. Nc3 Ne7 15. Bg5 Ng6 16. Nd5 Bb7 17. Nxf6+ gxf6 18. Bd2 c5 19. Bc3 cxd4 20. Nxd4 d5 21. Nf5 dxe4 22. Qh5 Bc5 23. Nh6+ Kg7 24. Ng4 Be7 25. Bxe4 Bxe4 26. Rxe4 Ne5 27. Nxe5 fxe5 28. Rg4+ Kh8 29. Qxf7 Bf6 30. Re1 Rf8 31. Qb7 Rg8 32. Rxg8+ Qxg8 33. Rxe5 Bg7 34. Rg5 Bxc3 35. Rxg8+ Rxg8 36. bxc3 Rg6 37. f4 Kg8 38. f5 Rf6 39. g4 h6 40. h4 h5 41. Qd5+ Kg7 42. g5 Rf7 43. f6+ Kg6 44. Qe4# 1-0

[Event "Toronto NAYCC U10"]
[Site "Toronto"]
[Date "2013.08.18"]
[Round "9"]
[White "Guo, Thomas"]
[Black "Niemann, Hans Moke"]
[Result "1-0"]
[WhiteElo "1629"]
[BlackElo "1835"]
[PlyCount "80"]
[EventDate "2013.08.14"]
[EventType "swiss"]
[EventRounds "9"]
[EventCountry "CAN"]
[SourceTitle "EXT 2022"]
[Source "ChessBase"]
[SourceDate "2021.10.06"]
[SourceVersion "1"]
[SourceVersionDate "2021.10.06"]
[SourceQuality "1"]

1. e4 c5 2. Nf3 d6 3. d4 cxd4 4. Nxd4 Nf6 5. Nc3 a6 6. Be2 b5 7. a3 Bb7 8. Bf3 Nbd7 9. 0-0 Nc5 10. Re1 e5 11. Nf5 h6 12. Bd2 g6 13. Ng3 h5 14. Bg5 Bg7 15. Qd2 h4 16. Nf1 Ne6 17. Be3 Nh5 18. Bxh5 Rxh5 19. Rad1 Bf8 20. h3 g5 21. Nh2 Nf4 22. Bxf4 gxf4 23. Qe2 Rg5 24. Nf3 Rh5 25. Nh2 Rh7 26. Ng4 Bg7 27. Qd3 Ke7 28. Nd5+ Ke6 29. Nxf4+ exf4 30. e5 d5 31. Qxh7 Qg5 32. Qd3 Rc8 33. Qd4 Rxc2 34. Qb6+ Bc6 35. Qxa6 f3 36. Qc8+ Ke7 37. Qc7+ Ke8 38. Nf6+ Bxf6 39. exf6+ Re2 40. Rxe2+ fxe2 1-0

[Event "Toronto NAYCC U10"]
[Site "Toronto"]
[Date "2013.08.17"]
[Round "7"]
[White "Guo, Thomas"]
[Black "Hua, Eugene"]
[Result "0-1"]
[WhiteElo "1629"]
[BlackElo "1775"]
[PlyCount "40"]
[EventDate "2013.08.14"]
[EventType "swiss"]
[EventRounds "9"]
[EventCountry "CAN"]
[SourceTitle "EXT 2022"]
[Source "ChessBase"]
[SourceDate "2021.10.06"]
[SourceVersion "1"]
[SourceVersionDate "2021.10.06"]
[SourceQuality "1"]

1. e4 e5 2. Nf3 Nc6 3. Bc4 Bc5 4. c3 Nf6 5. d4 exd4 6. e5 Ne4 7. Bd5 Nxf2 8. Kxf2 dxc3+ 9. Ke1 cxb2 10. Bxb2 0-0 11. Qc2 Nb4 12. Qb3 d6 13. exd6 Qxd6 14. Qc3 Qg6 15. Nh4 Qg4 16. Nf3 Qxg2 17. Nh4 Re8+ 18. Kd1 Qxd5+ 19. Kc1 Qxh1+ 20. Kd2 Qe1# 0-1

[Event "Toronto NAYCC U10"]
[Site "Toronto"]
[Date "2013.08.14"]
[Round "1"]
[White "Guo, Thomas"]
[Black "Tang, Daniel"]
[Result "1-0"]
[WhiteElo "1629"]
[BlackElo "933"]
[PlyCount "35"]
[EventDate "2013.08.14"]
[EventType "swiss"]
[EventRounds "9"]
[EventCountry "CAN"]
[SourceTitle "EXT 2022"]
[Source "ChessBase"]
[SourceDate "2021.10.06"]
[SourceVersion "1"]
[SourceVersionDate "2021.10.06"]
[SourceQuality "1"]

1. e4 e5 2. Nf3 Nc6 3. Bc4 Bc5 4. c3 h6 5. 0-0 Nf6 6. d4 exd4 7. e5 Ng4 8. cxd4 Bb6 9. h3 Ngxe5 10. dxe5 0-0 11. Nc3 Re8 12. Re1 Bc5 13. Be3 Nxe5 14. Bxf7+ Kxf7 15. Qd5+ Kf8 16. Bxc5+ d6 17. Nxe5 dxc5 18. Qf7# 1-0

[Event "CAN-ch U10"]
[Site "Ottawa"]
[Date "2013.07.12"]
[Round "6"]
[White "Gaisinsky, Adam"]
[Black "Guo, Thomas"]
[Result "0-1"]
[WhiteElo "1460"]
[BlackElo "1608"]
[PlyCount "52"]
[EventDate "2013.07.10"]
[EventType "swiss"]
[EventRounds "6"]
[EventCountry "CAN"]
[SourceTitle "EXT 2022"]
[Source "ChessBase"]
[SourceDate "2021.10.06"]
[SourceVersion "1"]
[SourceVersionDate "2021.10.06"]
[SourceQuality "1"]

1. e4 e6 2. d4 d5 3. exd5 exd5 4. Nf3 Bd6 5. Bg5 Nf6 6. Nc3 Be6 7. Bd3 h6 8. Bh4 Nbd7 9. 0-0 Qe7 10. Re1 g5 11. Bg3 Bxg3 12. fxg3 0-0-0 13. Rb1 Rdg8 14. b4 h5 15. a4 h4 16. gxh4 gxh4 17. Nb5 a6 18. Nc3 Qd6 19. Kh1 Bg4 20. a5 Bxf3 21. gxf3 h3 22. Bf1 Rg2 23. Bxg2 hxg2+ 24. Kxg2 Qxh2+ 25. Kf1 Rg8 26. Ne2 Qg2# 0-1

[Event "CAN-ch U10"]
[Site "Ottawa"]
[Date "2013.07.11"]
[Round "4"]
[White "Surya, Benito"]
[Black "Guo, Thomas"]
[Result "0-1"]
[WhiteElo "1736"]
[BlackElo "1608"]
[PlyCount "76"]
[EventDate "2013.07.10"]
[EventType "swiss"]
[EventRounds "6"]
[EventCountry "CAN"]
[SourceTitle "EXT 2022"]
[Source "ChessBase"]
[SourceDate "2021.10.06"]
[SourceVersion "1"]
[SourceVersionDate "2021.10.06"]
[SourceQuality "1"]

1. e4 e6 2. d3 d5 3. Qe2 Nf6 4. Nf3 b6 5. g3 dxe4 6. dxe4 Ba6 7. c4 Bb7 8. Nbd2 Bb4 9. a3 Bxd2+ 10. Nxd2 Nc6 11. Bg2 0-0 12. 0-0 Nd4 13. Qd1 c5 14. Re1 Nd7 15. f4 f6 16. Nb3 e5 17. Be3 Bc6 18. Nxd4 cxd4 19. Bf2 a5 20. Rc1 Nc5 21. Kh1 Ba4 22. Qf3 d3 23. Bxc5 bxc5 24. Rf1 d2 25. Rb1 d1Q 26. Rbxd1 Bxd1 27. Rxd1 Qc7 28. Bh3 Qb6 29. Rd7 Rad8 30. Re7 Qd6 31. Ra7 Qb6 32. Re7 Qxb2 33. Be6+ Kh8 34. Bd5 Rb8 35. Qf1 Qc2 36. Rb7 Rxb7 37. Bxb7 Rb8 38. Qh3 Qb1+ 0-1

[Event "CAN-ch U10"]
[Site "Vancouver"]
[Date "2012.07.06"]
[Round "7"]
[White "Doknjas, Joshua"]
[Black "Guo, Thomas"]
[Result "1/2-1/2"]
[WhiteElo "1628"]
[BlackElo "1334"]
[PlyCount "29"]
[EventDate "2012.07.03"]
[EventType "swiss"]
[EventRounds "7"]
[EventCountry "CAN"]
[SourceTitle "EXT 2022"]
[Source "ChessBase"]
[SourceDate "2021.10.06"]
[SourceVersion "1"]
[SourceVersionDate "2021.10.06"]
[SourceQuality "1"]

1. e4 e6 2. d4 d5 3. Nc3 Bb4 4. exd5 exd5 5. Bd3 Nf6 6. Bg5 Nc6 7. Nge2 h6 8. Bh4 Be6 9. 0-0 Qd7 10. a3 Bd6 11. Nb5 a6 12. Nxd6+ Qxd6 13. Bg3 Qd7 14. c3 g5 15. f4 1/2-1/2

[Event "CAN-ch U10"]
[Site "Vancouver"]
[Date "2012.07.04"]
[Round "4"]
[White "Ghodsi, Soroush"]
[Black "Guo, Thomas"]
[Result "0-1"]
[WhiteElo "960"]
[BlackElo "1334"]
[PlyCount "72"]
[EventDate "2012.07.03"]
[EventType "swiss"]
[EventRounds "7"]
[EventCountry "CAN"]
[SourceTitle "EXT 2022"]
[Source "ChessBase"]
[SourceDate "2021.10.06"]
[SourceVersion "1"]
[SourceVersionDate "2021.10.06"]
[SourceQuality "1"]

1. d4 d5 2. c4 e6 3. b3 dxc4 4. bxc4 Bb4+ 5. Bd2 Bxd2+ 6. Nxd2 Qxd4 7. Ngf3 Qd8 8. e4 Nf6 9. e5 Nfd7 10. c5 Nxc5 11. Bc4 Nc6 12. 0-0 0-0 13. Qc2 b6 14. a3 Bb7 15. Ba2 Qe7 16. Bb1 g6 17. Rc1 Rad8 18. a4 Nd7 19. Nc4 f6 20. Qe4 Na5 21. Qh4 Bxf3 22. gxf3 Nxc4 23. Rxc4 Nxe5 24. Rc3 c5 25. f4 Qb7 26. Ba2 Nf3+ 27. Rxf3 Qxf3 28. Bxe6+ Kg7 29. Bh3 Rd1+ 30. Rxd1 Qxd1+ 31. Bf1 Re8 32. f5 Re1 33. Qc4 gxf5 34. Qa6 Kg6 35. Qb5 Qg4+ 36. Kh1 Qe4+ 0-1

[Event "CAN-ch U10"]
[Site "Vancouver"]
[Date "2012.07.04"]
[Round "3"]
[White "Guo, Thomas"]
[Black "Madokoro, Aidan"]
[Result "1-0"]
[WhiteElo "1334"]
[BlackElo "788"]
[PlyCount "79"]
[EventDate "2012.07.03"]
[EventType "swiss"]
[EventRounds "7"]
[EventCountry "CAN"]
[SourceTitle "EXT 2022"]
[Source "ChessBase"]
[SourceDate "2021.10.06"]
[SourceVersion "1"]
[SourceVersionDate "2021.10.06"]
[SourceQuality "1"]

1. e4 c5 2. Nf3 e6 3. d4 cxd4 4. Nxd4 a6 5. Nc3 Qc7 6. Be3 Bd6 7. Qf3 Nf6 8. Bd3 b5 9. Bg5 Be7 10. a3 Bb7 11. 0-0 h6 12. Bf4 e5 13. Bg3 Nc6 14. Nf5 Rg8 15. Rad1 0-0-0 16. Rfe1 Bf8 17. Ne2 Qa5 18. c4 b4 19. Ra1 bxa3 20. bxa3 Bxa3 21. Bc2 Qd2 22. Bd3 Bb2 23. Red1 Qb4 24. Rab1 Qa4 25. Rd2 Ba1 26. Bc2 Qa5 27. Rdd1 Qa2 28. Bb3 Qa5 29. Rxa1 Qc5 30. Rf1 g6 31. Nd6+ Kb8 32. Qxf6 Na5 33. Nxb7 Nxb7 34. Bxe5+ Ka8 35. Qxa6+ Qa7 36. Bc2 Na5 37. Qxa5 Qxa5 38. Rxa5+ Kb7 39. Rb1+ Kc6 40. Nd4# 1-0

[Event "Scarborough CC-ch Reserves U1400"]
[Site "Toronto"]
[Date "2012.04.19"]
[Round "5"]
[White "Balendra, Harigaran"]
[Black "Guo, Thomas"]
[Result "0-1"]
[WhiteElo "1236"]
[BlackElo "1102"]
[PlyCount "112"]
[EventDate "2012.03.22"]
[EventType "swiss"]
[EventRounds "9"]
[EventCountry "CAN"]
[SourceTitle "EXT 2022"]
[Source "ChessBase"]
[SourceDate "2021.10.06"]
[SourceVersion "1"]
[SourceVersionDate "2021.10.06"]
[SourceQuality "1"]

1. e4 e6 2. d4 d5 3. exd5 exd5 4. Nf3 Nf6 5. Be2 Bd6 6. Nc3 h6 7. 0-0 0-0 8. h3 Bf5 9. Bd3 Bxd3 10. Qxd3 Re8 11. Qb5 b6 12. g3 Qd7 13. Qxd7 Nbxd7 14. Be3 Bxg3 15. fxg3 Rxe3 16. Rae1 Ree8 17. Nb5 Rec8 18. Ne5 Nxe5 19. Rxe5 a6 20. Nc3 Rd8 21. g4 c6 22. g5 hxg5 23. Rxg5 Ne4 24. Rg2 Nxc3 25. bxc3 Rd7 26. Kh2 Re7 27. Rf6 Re6 28. Rf3 Rae8 29. Rfg3 g6 30. h4 Re2 31. c4 Rxg2+ 32. Rxg2 dxc4 33. h5 Kg7 34. hxg6 fxg6 35. c3 Rg8 36. Rg5 Kf6 37. Rg2 Kf5 38. Rf2+ Ke4 39. Rf6 Kd5 40. Kg2 g5 41. Kg3 g4 42. Rf4 a5 43. Kf2 g3+ 44. Kg2 b5 45. Rf3 Rg5 46. a3 c5 47. dxc5 Kxc5 48. Rf1 Kd5 49. Rh1 Ke4 50. Re1+ Kd3 51. a4 bxa4 52. Ra1 Kxc3 53. Rxa4 Kb3 54. Ra1 c3 55. Rf1 c2 56. Rf3+ Kb2 0-1

[Event "Scarborough CC-ch Reserves U1400"]
[Site "Toronto"]
[Date "2012.04.05"]
[Round "3"]
[White "Pulogarajah, Kaarthic"]
[Black "Guo, Thomas"]
[Result "0-1"]
[WhiteElo "998"]
[BlackElo "1102"]
[PlyCount "64"]
[EventDate "2012.03.22"]
[EventType "swiss"]
[EventRounds "9"]
[EventCountry "CAN"]
[SourceTitle "EXT 2022"]
[Source "ChessBase"]
[SourceDate "2021.10.06"]
[SourceVersion "1"]
[SourceVersionDate "2021.10.06"]
[SourceQuality "1"]

1. e4 e6 2. d4 d5 3. Nc3 Bb4 4. Bd2 dxe4 5. Nxe4 Qxd4 6. Bd3 Bxd2+ 7. Nxd2 b6 8. b3 Bb7 9. Ngf3 Bxf3 10. Nxf3 Qc3+ 11. Nd2 Qe5+ 12. Ne4 f5 13. f4 Qxf4 14. Nf2 Qe5+ 15. Be2 Qc3+ 16. Kf1 Nc6 17. Bb5 Rd8 18. Bxc6+ Qxc6 19. Qe2 Nf6 20. Rd1 Rxd1+ 21. Qxd1 0-0 22. Nd3 Rd8 23. Qe2 Ne4 24. g4 Ng3+ 25. hxg3 Qxh1+ 26. Kf2 Qh2+ 27. Kf3 fxg4+ 28. Ke3 Qxg3+ 29. Kd2 Qf4+ 30. Kd1 Qf3 31. Qxf3 gxf3 32. Ke1 e5 0-1

[Event "Scarborough CC-ch Reserves U1400"]
[Site "Toronto"]
[Date "2012.03.22"]
[Round "1"]
[White "Guo, Thomas"]
[Black "Ming, Wenyang"]
[Result "1/2-1/2"]
[WhiteElo "1110"]
[BlackElo "1269"]
[PlyCount "106"]
[EventDate "2012.03.22"]
[EventType "swiss"]
[EventRounds "9"]
[EventCountry "CAN"]
[SourceTitle "EXT 2022"]
[Source "ChessBase"]
[SourceDate "2021.10.06"]
[SourceVersion "1"]
[SourceVersionDate "2021.10.06"]
[SourceQuality "1"]

1. e4 c5 2. Nf3 Nc6 3. Bb5 e6 4. Nc3 Nge7 5. d4 cxd4 6. Nxd4 g6 7. Bg5 Bg7 8. Bxc6 bxc6 9. 0-0 0-0 10. Qd2 Re8 11. Rad1 Qb6 12. Nb3 d5 13. Bxe7 Rxe7 14. Rfe1 Qc7 15. f4 Bb7 16. e5 f6 17. exf6 Bxf6 18. Qf2 Bxc3 19. bxc3 a5 20. a4 Rf8 21. g3 g5 22. Re5 gxf4 23. gxf4 Rf6 24. Nc5 Kf7 25. Qe2 Rxf4 26. Qh5+ Kg8 27. Rg5+ Kh8 28. Re1 Rf6 29. Qg4 Rg6 30. Rxg6 hxg6 31. Nxe6 Qc8 32. Qh4+ Rh7 33. Qf6+ Kg8 34. Qxg6+ Kh8 35. Qf6+ Kg8 36. Qd8+ Qxd8 37. Nxd8 Rg7+ 38. Kh1 Ba8 39. Re8+ Kh7 40. Ne6 Rg8 41. Rxg8 Kxg8 42. Nc7 Bb7 43. Kg2 Bc8 44. Kf3 Bf5 45. Na6 Bxc2 46. Nb8 Bxa4 47. Ke3 Kf7 48. Kd4 Ke6 49. c4 dxc4 50. Kxc4 Bb5+ 51. Kb3 Kd6 52. h4 Bd3 53. Ka4 Kc7 1/2-1/2

[Event "Scarborough CC Frost U1400"]
[Site "Toronto"]
[Date "2012.02.02"]
[Round "5"]
[White "Lin, Benjamin1"]
[Black "Guo, Thomas"]
[Result "1-0"]
[WhiteElo "1286"]
[BlackElo "1078"]
[PlyCount "49"]
[EventDate "2012.01.05"]
[EventType "swiss"]
[EventRounds "6"]
[EventCountry "CAN"]
[SourceTitle "EXT 2022"]
[Source "ChessBase"]
[SourceDate "2021.10.06"]
[SourceVersion "1"]
[SourceVersionDate "2021.10.06"]
[SourceQuality "1"]

1. c4 e5 2. Nc3 Nc6 3. d3 Bb4 4. Bd2 Nf6 5. e4 Nd4 6. Nge2 d6 7. h3 Be6 8. Nxd4 exd4 9. Nd5 Bxd2+ 10. Qxd2 c6 11. Nf4 d5 12. Nxe6 fxe6 13. cxd5 cxd5 14. f3 e5 15. Be2 Rc8 16. 0-0 0-0 17. Rac1 Rf7 18. Rxc8 Qxc8 19. Rc1 Rc7 20. Rxc7 Qxc7 21. Bd1 Kf8 22. Qb4+ Ke8 23. Ba4+ Kd8 24. Qf8+ Ne8 25. Qxe8# 1-0

[Event "Scarborough CC Frost U1400"]
[Site "Toronto"]
[Date "2012.01.26"]
[Round "4"]
[White "Guo, Thomas"]
[Black "Nasirov, Ildar"]
[Result "1-0"]
[WhiteElo "1078"]
[BlackElo "1191"]
[PlyCount "51"]
[EventDate "2012.01.05"]
[EventType "swiss"]
[EventRounds "6"]
[EventCountry "CAN"]
[SourceTitle "EXT 2022"]
[Source "ChessBase"]
[SourceDate "2021.10.06"]
[SourceVersion "1"]
[SourceVersionDate "2021.10.06"]
[SourceQuality "1"]

1. e4 e5 2. Nf3 Nc6 3. Bc4 Nf6 4. Ng5 d5 5. exd5 Nxd5 6. Nxf7 Kxf7 7. Qf3+ Ke6 8. Nc3 Nce7 9. 0-0 c6 10. Re1 Qd6 11. d4 Kd7 12. dxe5 Qc5 13. e6+ Ke8 14. Qf7+ Kd8 15. Bxd5 cxd5 16. Be3 Qc6 17. Bg5 h6 18. Bxe7+ Bxe7 19. Nxd5 Qxd5 20. Rad1 Bxe6 21. Rxd5+ Bxd5 22. Qxd5+ Kc7 23. Rxe7+ Kb6 24. Qd6+ Kb5 25. Re5+ Kc4 26. Qc5# 1-0